| 000 | 01172pam a2200349 a 4500 | ||
|---|---|---|---|
| 001 | 3415082 | ||
| 003 | OSt | ||
| 005 | 20140310184301.0 | ||
| 008 | 901102s1991 nyua j 000 1 eng | ||
| 010 | _a 90022876 | ||
| 020 | _a9780590463171 | ||
| 040 |
_aDLC _cDLC _dDLC |
||
| 042 | _alcac | ||
| 050 | 0 | 0 |
_aPZ 7 _b.P3635Fam 1991 |
| 100 | 1 |
_aPellegrini, Nina. _923039 |
|
| 245 | 1 | 0 |
_aFamilies are different / _cwritten and illustrated by Nina Pellegrini. |
| 250 | _a1st ed. | ||
| 260 |
_aNew York : _bscholastic, _c1991. |
||
| 300 |
_a1 v. (unpaged) : _bcol. ill. ; _c24 cm. |
||
| 520 | _aAn adopted Korean girl discovers that her classmates have different types of families. | ||
| 521 |
_aG3 _bLexile |
||
| 526 | _c540 | ||
| 562 | _e2 | ||
| 650 | 1 |
_aFamilies _vFiction. _923040 |
|
| 650 | 1 |
_aAdoption _vFiction. _923041 |
|
| 650 | 1 |
_aKorean Americans _vFiction. _923042 |
|
| 906 |
_a7 _bcbc _corignew _d1 _eocip _f19 _gy-gencatlg |
||
| 942 |
_2lcc _cBK-SCHOLAS |
||
| 999 |
_c33457 _d33457 |
||